000 00691nam a2200241Ia 4500
003 OSt
005 20220930202738.0
006 a|||||r|||| 00| 0
007 ta
008 220926b |||||||| |||| 00| 0 hin d
024 _a54495
037 _cDissertations
040 _aCRL
_cCRL
_bhin
041 _2hin
_ahin
100 _aKhosla Ashu
_9535834
110 _aUniversity of Delhi. Faculty of Arts. Department of Sanskrit
245 0 _aChhandogyopnishad ki akhyayikaon mein darshnik tattva
260 _c1997
650 _aSANSKRIT
700 _aUniversity of Delhi. Faculty of Arts. Department of Sanskrit
942 _cDIS
_2CC
999 _c903588
_d903588